00870cam a2200277 a 450000100090000000300040000900500170001300800410003001000170007102000250008802000220011304000140013505000210014908200230017010000370019324500810023026000840031130000100039550000540040550400510045965000150051065000110052565000140053665000210055070000210057116276678OSt20191227103324.0100610s2007 enk b 001 0 eng  a 2010286875 a9780230004764 (pbk.) a0230004768 (pbk.) aDLCcoclc00aHB171b.K45 200700a330.156222bKEY/G aKeynes, John Maynardd1883-1946.14aThe general theory of employment, interest, and money /cJohn Maynard Keynes aHoundmills, Basingstoke, Hamshire ;aNew York, NY :bPalgrave Macmillan,c2007. a428 p a"With a new introduction by Paul Krugman"--Cover. aIncludes bibliographical references and index. 0aEconomics. 0aMoney. 0aInterest. 0aMonetary policy. aKrugman, Paul R